Principios didácticos de la educación física
Spremljeno u:
| Glavni autor: | |
|---|---|
| Format: | Knjiga |
| Jezik: | španjolski |
| Izdano: |
Buenos Aires
Kapelusz
1976
|
| Serija: | Colección educación física
|
| Teme: | |
| Oznake: |
Dodaj oznaku
Bez oznaka, Budi prvi tko označuje ovaj zapis!
|
MARC
| LEADER | 00000nam a2200000 a 4500 | ||
|---|---|---|---|
| 001 | UCY8671 | ||
| 003 | CL-VaPUC | ||
| 008 | 950703e19760600AG |||||||||||||||||spa|d | ||
| 082 | 0 | 4 | |a 796.07 |b SEY |2 21 |
| 100 | 0 | |a Seybold-Brunnhuber, Annemarie |e author |9 340285 | |
| 245 | 1 | 0 | |a Principios didácticos de la educación física |
| 300 | |a 127 p | ||
| 942 | |c BK | ||
| 945 | |d 19950703 00:00:00 |a lriquelm | ||
| 260 | |a Buenos Aires |b Kapelusz |c 1976 | ||
| 650 | 0 | |a Educación física |9 240893 | |
| 650 | 0 | |a Danza |9 328568 | |
| 650 | 7 | |a RENDIMIENTO |2 CL-VaPUC |9 260872 | |
| 650 | 7 | |a EJERCICIO |2 CL-VaPUC |9 310040 | |
| 650 | 7 | |a JUEGO METODO DE ENSEÑANZA |2 CL-VaPUC |9 338389 | |
| 583 | |a last modification |c 19950703 00:00:00 |k Rodrigo Vera | ||
| 490 | 0 | |a Colección educación física | |
| 999 | |c 235897 |d 235895 | ||
| 952 | |0 0 |1 0 |4 0 |6 796_070000000000000_SEY_1976 |7 0 |8 P |9 243609 |a BIBEDU |b BIBEDU |c BIBEDU_PB |d 2019-11-18 |i 1527673 |o 796.07 SEY 1976 |p 1527673 |r 2024-01-25 |w 2019-11-18 |y BK |k EDU | ||
| 952 | |0 0 |1 0 |4 0 |6 796_070000000000000_SEY_1976 |7 0 |8 P |9 243610 |a BIBEDU |b BIBEDU |c BIBEDU_PB |d 2019-11-18 |i 152769K |o 796.07 SEY 1976 |p 152769K |r 2024-01-25 |w 2019-11-18 |y BK |k EDU | ||
| 952 | |0 0 |1 0 |4 0 |6 796_070000000000000_SEY_1976 |7 0 |8 P |9 243611 |a BIBEDU |b BIBEDU |c BIBEDU_PB |d 2019-11-18 |i 2011891 |o 796.07 SEY 1976 |p 2011891 |r 2024-01-25 |w 2019-11-18 |y BK |k EDU | ||
| 952 | |0 0 |1 0 |4 0 |6 796_070000000000000_SEY_1976 |7 0 |8 P |9 243612 |a BIBEDU |b BIBEDU |c BIBEDU_PB |d 2019-11-18 |i 201260K |o 796.07 SEY 1976 |p 201260K |r 2024-01-25 |w 2019-11-18 |y BK |k EDU | ||